| 000 | 01051nam a2200229Ia 4500 | ||
|---|---|---|---|
| 999 |
_c52440 _d52440 |
||
| 001 | 19463 | ||
| 003 | GE_BSU | ||
| 005 | 20200510221842.0 | ||
| 008 | 181216s1965||||ge |||||||||||||| ||geo|| | ||
| 040 | _cGE_BSU | ||
| 041 | _ageo | ||
| 080 | _a811.353'342 ჟ-99 | ||
| 100 |
_aჟღენტი, სერგი _97678 |
||
| 245 |
_aქართველურ ენათა ფონეტიკის საკითხები = Вопросы фонетики картвельских языков : _bრჩეული შრომები / _cსერგი ჟღენტი ; რედ. გ. ახვლედიანი. |
||
| 264 |
_aთბილისი : _bგანათლება, _c1965. |
||
| 300 |
_a332 გვ. : _b1ფ. პორტრეტი ; _c26 სმ. |
||
| 653 | _aქართველური ენები | ||
| 653 | _a ფონეტიკა | ||
| 653 | _aქართული ენა | ||
| 700 |
_aახვლედიანი, გ. _eრედაქტორი _92910 |
||
| 942 |
_cBK _2udc |
||